| 000 | 00635nam a22002297a 4500 | ||
|---|---|---|---|
| 005 | 20230825110801.0 | ||
| 008 | 230825b ||||| |||| 00| 0 eng d | ||
| 020 | _a9789385439834 | ||
| 040 |
_aIN-DiNC _cIN-DiNC |
||
| 041 | _deng | ||
| 082 |
_a823 _bNEO |
||
| 100 |
_aNeog, Biswajit _eauthor |
||
| 245 |
_aBritish poetry and drama: _b17th and 18th centuries/ _cby Biswajit Neog |
||
| 250 | _a2nd rev. ed. | ||
| 260 |
_aJorhat: _bBidya bhawan, _c2021. |
||
| 300 | _a375p. | ||
| 650 | _aPuritan epic | ||
| 650 | _aJacobean drama | ||
| 650 | _aRestoration comedy | ||
| 650 | _aNeoclassical/ Augustan mock epic | ||
| 942 |
_2ddc _cBK |
||
| 999 |
_c11596 _d11596 |
||